00912nam a2200265Ia 4500003000400000005001700004006001800021007000300039008004100042024001000083037001100093040001800104041001300122100003600135110009700171245011100268260000900379650001700388700003600405700004000441700003700481700009700518942001200615999001900627OSt20220930084350.0a|||||r|||| 00| 0ta220926b |||||||| |||| 00| 0 eng d a84100 cTheses aCRLcCRLbeng 2engaeng aNingthoujam Sunita Devi9537512 aUniversity of Delhi. Faculty of Medical Sciences. Department of Medical Microbiology9519677 0aClinicobacteriological study of hospital acquired acinetobacter baumannii infection in a teaching hospital c2005 aMIRCOBIOLOGY a Dr. Madalsa Mathur Gu.9537513 a Dr. Narendra Pal Singh Gu.9536872 a Dr. Rajnish Avasthi Gu.9537514 aUniversity of Delhi. Faculty of Medical Sciences. Department of Medical Microbiology9519679 cDIS2CC c877102d877102